[Event "Dubai op-B 23rd"]
[Site "Dubai"]
[Date "2023.05.30"]
[Round "4"]
[White "Khader, Aram"]
[Black "Al Hajiri, Bader"]
[Result "0-1"]
[WhiteElo "2174"]
[BlackElo "1907"]
[PlyCount "82"]
[EventDate "2023.05.27"]
[EventType "swiss"]
[EventRounds "9"]
[EventCountry "UAE"]
[SourceTitle "CBM 214 Extra"]
[Source "ChessBase"]
[SourceDate "2023.07.31"]
[SourceVersion "1"]
[SourceVersionDate "2023.07.31"]
[SourceQuality "1"]

1. e4 d5 2. exd5 Qxd5 3. Nc3 Qd6 4. d4 Nf6 5. Nf3 a6 6. Bd3 g6 7. 0-0 Bg7 8. Ne2 0-0 9. Bf4 Qb6 10. Ne5 Nd5 11. Nc4 Qa7 12. Be5 Nc6 13. Bxg7 Kxg7 14. Be4 Be6 15. Bxd5 Bxd5 16. Ne3 Rad8 17. Nc3 Be6 18. d5 Bxd5 19. Ncxd5 e6 20. c4 exd5 21. cxd5 Ne7 22. Qb3 Qb6 23. Qxb6 cxb6 24. Rfd1 Rd7 25. Rd2 Rfd8 26. Rad1 f5 27. f4 Nc8 28. Rd4 Nd6 29. b3 Ne4 30. g4 Nc3 31. R1d2 fxg4 32. Kf2 h5 33. Kg2 Re7 34. Nc4 Ne2 35. Nxb6 Nxd4 36. Rxd4 Re2+ 37. Kg3 Rde8 38. Nc4 b5 39. Ne5 g5 40. d6 gxf4+ 41. Kxf4 Rf8+ 0-1

[Event "Dubai op-B 23rd"]
[Site "Dubai"]
[Date "2023.05.27"]
[Round "1"]
[White "Eman, Sawan"]
[Black "Khader, Aram"]
[Result "0-1"]
[WhiteElo "1759"]
[BlackElo "2174"]
[PlyCount "76"]
[EventDate "2023.05.27"]
[EventType "swiss"]
[EventRounds "9"]
[EventCountry "UAE"]
[SourceTitle "CBM 214 Extra"]
[Source "ChessBase"]
[SourceDate "2023.07.31"]
[SourceVersion "1"]
[SourceVersionDate "2023.07.31"]
[SourceQuality "1"]

1. e4 c5 2. Nf3 Nc6 3. Bb5 e6 4. 0-0 Nge7 5. c3 a6 6. Ba4 d5 7. Qe2 b5 8. Bc2 Bb7 9. a4 b4 10. d4 cxd4 11. cxd4 dxe4 12. Bxe4 Nd5 13. Rd1 Be7 14. Nbd2 Nf6 15. Bc2 Nxd4 16. Nxd4 Qxd4 17. Nc4 Qg4 18. f3 Qh5 19. a5 0-0 20. Nb6 Rad8 21. Be3 Bd6 22. h3 Bc5 23. Bb3 Rxd1+ 24. Rxd1 Bxe3+ 25. Qxe3 Qxa5 26. Nc4 Qc7 27. Rc1 Rc8 28. Qe1 Qf4 29. Ra1 Bd5 30. Nd2 Qd4+ 31. Kh1 Qxb2 32. Rb1 Qc3 33. Qe2 Qc6 34. Ra1 a5 35. Rxa5 Qc1+ 36. Bd1 b3 37. Rb5 b2 38. Kh2 h6 0-1

[Event "Arab-ch"]
[Site "Khartoum"]
[Date "2023.03.05"]
[Round "9"]
[White "Khader, Aram"]
[Black "Ammar, Sedrani"]
[Result "0-1"]
[WhiteElo "2142"]
[BlackElo "2183"]
[PlyCount "70"]
[EventDate "2023.02.26"]
[EventType "swiss"]
[EventRounds "9"]
[EventCountry "SUD"]
[SourceTitle "CBM 213 Extra"]
[Source "ChessBase"]
[SourceDate "2023.05.31"]
[SourceVersion "1"]
[SourceVersionDate "2023.05.31"]
[SourceQuality "1"]

1. e4 c6 2. d4 d5 3. Nc3 dxe4 4. Nxe4 Nf6 5. Nxf6+ exf6 6. c3 Bd6 7. Bd3 0-0 8. Qc2 Re8+ 9. Ne2 h5 10. Be3 Nd7 11. 0-0-0 Nf8 12. Kb1 Be6 13. c4 a5 14. Rhe1 a4 15. Nf4 Bxf4 16. Bxf4 Ng6 17. Bc1 b5 18. cxb5 cxb5 19. Bxb5 Qd5 20. Rxe6 Rxe6 21. Bc4 Qxg2 22. Bxe6 fxe6 23. Re1 Kf7 24. Be3 Ne7 25. a3 h4 26. Ka1 g6 27. Bf4 Rc8 28. Qe2 Rc6 29. Bd2 Qxh2 30. Bb4 Nd5 31. Qf3 Qf4 32. Qe2 Qxd4 33. Rd1 Qc4 34. Qf3 Qb3 35. Qh1 h3 0-1

[Event "Asia zt 3.1 Online"]
[Site "Tornelo INT"]
[Date "2021.06.01"]
[Round "1"]
[White "Idani, Pouya"]
[Black "Khader, Aram"]
[Result "1-0"]
[WhiteElo "2614"]
[BlackElo "2147"]
[PlyCount "83"]
[EventDate "2021.06.01"]
[EventType "swiss"]
[EventRounds "9"]
[EventCountry "NET"]
[SourceTitle "CBM 202 Extra"]
[Source "ChessBase"]
[SourceDate "2021.07.31"]
[SourceVersion "1"]
[SourceVersionDate "2021.07.31"]
[SourceQuality "1"]

1. e4 c5 2. Nf3 Nc6 3. Bb5 e6 4. 0-0 Nge7 5. d4 cxd4 6. Nxd4 Qb6 7. Nxc6 bxc6 8. Be2 Ng6 9. c4 e5 10. Nc3 d6 11. Be3 Qc7 12. b4 Be7 13. b5 0-0 14. Qd2 Be6 15. Rfc1 Rfc8 16. Nd5 Qd7 17. Nb4 c5 18. Nd5 Bxd5 19. cxd5 f5 20. exf5 Qxf5 21. Qd1 Rf8 22. Bg4 Qe4 23. Bf3 Qf5 24. Rc4 Bg5 25. Be4 Qf6 26. Qd2 Bxe3 27. fxe3 Rab8 28. a4 Rb7 29. g3 Rbf7 30. Rcc1 Qg5 31. Rf1 Nh4 32. Rxf7 Rxf7 33. a5 Qg4 34. Qc2 Nf3+ 35. Kh1 Ng5 36. Bg2 Qb4 37. b6 axb6 38. a6 Ra7 39. Qf5 h6 40. h4 Qb2 41. Rf1 Nf7 42. Be4 1-0

[Event "Asia Nations online Cup"]
[Site "Chess.com INT"]
[Date "2020.10.16"]
[Round "5.10"]
[White "Tirador, Elias"]
[Black "Khader, Aram"]
[Result "0-1"]
[WhiteElo "1798"]
[BlackElo "2074"]
[PlyCount "78"]
[EventDate "2020.10.10"]
[EventType "team-swiss (rapid)"]
[EventRounds "9"]
[EventCountry "IND"]
[SourceTitle "CBM 198 Extra"]
[Source "ChessBase"]
[SourceDate "2020.11.30"]
[SourceVersion "1"]
[SourceVersionDate "2020.11.30"]
[SourceQuality "1"]
[WhiteTeam "Guam"]
[BlackTeam "Syria"]
[WhiteTeamCountry "GMA"]
[BlackTeamCountry "SYR"]

1. d4 d5 2. Nf3 Nf6 3. Bf4 c5 4. e3 Nc6 5. c3 e6 6. Nbd2 Be7 7. Bd3 Nh5 8. Bg3 Nxg3 9. hxg3 h6 10. Qe2 cxd4 11. exd4 Qb6 12. Rb1 Bd7 13. a3 a5 14. g4 0-0-0 15. b4 Rhe8 16. b5 Na7 17. a4 Bf6 18. Kf1 Kb8 19. Nb3 Bc8 20. Ne5 Bxe5 21. dxe5 Bd7 22. Rh3 Rc8 23. c4 dxc4 24. Bxc4 Rc7 25. Rc3 Rec8 26. Rbc1 Bxb5 27. axb5 Nxb5 28. Rf3 Na3 29. Nd2 Nxc4 30. Nxc4 Qb4 31. Rfc3 b5 32. Qe3 bxc4 33. Qe1 Rb7 34. Qe3 a4 35. g3 Qc5 36. Qe4 Rb4 37. Qf4 Rc7 38. Kg2 Qd5+ 39. Kh3 Rb3 0-1

[Event "Online Olym Div4 B"]
[Site "Chess.com INT"]
[Date "2020.08.02"]
[Round "8.1"]
[White "Beukes, Dante M"]
[Black "Khader, Aram"]
[Result "0-1"]
[WhiteElo "2206"]
[BlackElo "2074"]
[PlyCount "116"]
[EventDate "2020.07.31"]
[EventType "team-tourn (rapid)"]
[EventRounds "9"]
[EventCountry "USA"]
[SourceTitle "CBM 198"]
[Source "ChessBase"]
[SourceDate "2020.10.31"]
[SourceVersion "1"]
[SourceVersionDate "2020.10.31"]
[SourceQuality "1"]
[WhiteTeam "Namibia"]
[BlackTeam "Syria"]
[WhiteTeamCountry "NAM"]
[BlackTeamCountry "SYR"]

1. e4 c5 2. Nf3 e6 3. c3 d5 4. e5 d4 5. Bd3 Nc6 6. 0-0 Nge7 7. Qe2 Ng6 8. Qe4 Be7 9. g3 Qd5 10. Re1 Qxe4 11. Rxe4 0-0 12. Na3 b6 13. Re1 Bb7 14. Be4 Rfd8 15. d3 Rac8 16. Nc2 Ba6 17. cxd4 cxd4 18. Bxc6 Rxc6 19. Ncxd4 Rcc8 20. Be3 Bxd3 21. Rac1 Bc4 22. h4 h5 23. b3 Bd5 24. Bd2 Rxc1 25. Bxc1 Bb4 26. Bg5 Rd7 27. Rc1 Bc5 28. b4 Bxb4 29. Rc8+ Kh7 30. Be3 f6 31. exf6 gxf6 32. Nh2 Bxa2 33. Kg2 Ne7 34. Ra8 Bd5+ 35. Kh3 Bxa8 36. g4 e5 37. Nc2 Nd5 38. gxh5 Be7 39. Ng4 Nf4+ 40. Bxf4 exf4 41. Ne1 Rd1 42. Ng2 Rh1+ 43. Nh2 Bxg2+ 44. Kxg2 Rxh2+ 45. Kxh2 a5 46. Kg2 a4 47. Kf3 a3 48. Kxf4 a2 49. h6 a1Q 50. Kg3 Qe5+ 51. Kg2 Kxh6 52. f4 Qxf4 53. Kh3 b5 54. Kg2 b4 55. Kh3 b3 56. h5 b2 57. Kg2 b1Q 58. Kh3 Qh1# 0-1

[Event "SYR-ch"]
[Site "Damascus"]
[Date "2019.04.26"]
[Round "8"]
[White "Koniahli, Malek"]
[Black "Khader, Aram"]
[Result "1-0"]
[WhiteElo "2299"]
[BlackElo "2146"]
[PlyCount "75"]
[EventDate "2019.04.22"]
[EventType "tourn"]
[EventRounds "11"]
[EventCountry "SYR"]
[SourceTitle "CBM 190 Extra"]
[Source "ChessBase"]
[SourceDate "2019.07.15"]
[SourceVersion "1"]
[SourceVersionDate "2019.07.15"]
[SourceQuality "1"]

1. e4 c5 2. Nf3 e6 3. d3 Nc6 4. g3 Qc7 5. Bg2 Nf6 6. 0-0 d6 7. c3 Be7 8. Re1 0-0 9. d4 cxd4 10. cxd4 d5 11. e5 Nd7 12. Nc3 a6 13. h4 b5 14. h5 Nb6 15. h6 g6 16. Bg5 Bxg5 17. Nxg5 Qe7 18. Nf3 Bd7 19. b3 Rfc8 20. Qd2 Ra7 21. Nd1 Rac7 22. Bf1 Be8 23. Kg2 Ra7 24. Rc1 b4 25. Ne3 a5 26. Ng4 Nd7 27. Bb5 f5 28. exf6 Nxf6 29. Nxf6+ Qxf6 30. Bxc6 Bxc6 31. Ne5 Rac7 32. Rc5 Be8 33. Rxc7 Rxc7 34. Rc1 Qe7 35. Rxc7 Qxc7 36. Qf4 Qe7 37. Ng4 Qf7 38. Nf6+ 1-0

[Event "Dubai op 21st"]
[Site "Dubai"]
[Date "2019.04.07"]
[Round "7"]
[White "Khader, Aram"]
[Black "Koniahli, Malek"]
[Result "1-0"]
[WhiteElo "2155"]
[BlackElo "2294"]
[PlyCount "87"]
[EventDate "2019.04.01"]
[EventType "swiss"]
[EventRounds "9"]
[EventCountry "UAE"]
[SourceTitle "CBM 189 Extra"]
[Source "ChessBase"]
[SourceDate "2019.06.03"]
[SourceVersion "1"]
[SourceVersionDate "2019.06.03"]
[SourceQuality "1"]

1. e4 e5 2. Nf3 d6 3. d4 Nd7 4. Bc4 c6 5. a4 Be7 6. c3 h6 7. Qb3 d5 8. exd5 exd4 9. cxd4 b5 10. axb5 cxb5 11. Bxb5 Kf8 12. Bf4 Qb6 13. Qc4 Qg6 14. 0-0 Nb6 15. Qc6 Nf6 16. d6 Bd8 17. Re1 Kg8 18. Ne5 Qf5 19. Qf3 g5 20. Bg3 Qxf3 21. Nxf3 Bb7 22. Ne5 Ne4 23. Bc6 Nxd6 24. Bxb7 Nxb7 25. Nc3 Kg7 26. Nc6 Bf6 27. Ne4 Rhe8 28. Nxf6 Rxe1+ 29. Rxe1 Kxf6 30. Be5+ Kg6 31. b3 Re8 32. Kf1 a6 33. Nb4 a5 34. Nc6 Nd5 35. Bg3 Rxe1+ 36. Kxe1 f5 37. Be5 Nc3 38. Kd2 Ne4+ 39. Ke3 Nc3 40. Kd3 Nd1 41. f3 Kf7 42. Kd2 Nf2 43. Ke2 Nh1 44. Bc7 1-0

[Event "Dubai op 21st"]
[Site "Dubai"]
[Date "2019.04.04"]
[Round "4"]
[White "Mendonca, Leon Luke"]
[Black "Khader, Aram"]
[Result "1-0"]
[WhiteElo "2446"]
[BlackElo "2155"]
[PlyCount "71"]
[EventDate "2019.04.01"]
[EventType "swiss"]
[EventRounds "9"]
[EventCountry "UAE"]
[SourceTitle "CBM 189 Extra"]
[Source "ChessBase"]
[SourceDate "2019.06.03"]
[SourceVersion "1"]
[SourceVersionDate "2019.06.03"]
[SourceQuality "1"]

1. d4 Nf6 2. c4 e6 3. g3 d5 4. Nf3 c6 5. Bg2 dxc4 6. Nc3 b5 7. Ne5 Nd5 8. e4 Nxc3 9. bxc3 Bb7 10. Qh5 g6 11. Nxg6 fxg6 12. Qe5 Nd7 13. Qxh8 Qe7 14. h4 0-0-0 15. Bg5 Qf7 16. Bxd8 Bg7 17. Qxh7 Nf8 18. Qxg7 Qxg7 19. Bg5 c5 20. Be3 cxd4 21. Bxd4 e5 22. Bxa7 Bxe4 23. Bxe4 Qxa7 24. 0-0 Qa3 25. Rfc1 Kd7 26. Rc2 Ke6 27. Rb1 Qa6 28. Rcb2 Qa3 29. Rxb5 Nd7 30. Bxg6 Qxc3 31. h5 Qd2 32. R5b2 Qg5 33. Rc2 Nf8 34. Rxc4 Nxg6 35. hxg6 Kd5 36. Ra4 1-0

[Event "Dubai op 21st"]
[Site "Dubai"]
[Date "2019.04.02"]
[Round "2"]
[White "Aditya, Mittal"]
[Black "Khader, Aram"]
[Result "1-0"]
[WhiteElo "2454"]
[BlackElo "2155"]
[PlyCount "89"]
[EventDate "2019.04.01"]
[EventType "swiss"]
[EventRounds "9"]
[EventCountry "UAE"]
[SourceTitle "CBM 189 Extra"]
[Source "ChessBase"]
[SourceDate "2019.06.03"]
[SourceVersion "1"]
[SourceVersionDate "2019.06.03"]
[SourceQuality "1"]

1. d4 d5 2. c4 c6 3. Nf3 Nf6 4. Nc3 e6 5. g3 Be7 6. Bg2 0-0 7. 0-0 Nbd7 8. Bf4 dxc4 9. e4 Nb6 10. Qe2 Re8 11. Rfd1 h6 12. Ne5 Nfd7 13. Nxc4 Nxc4 14. Qxc4 Bg5 15. Bxg5 Qxg5 16. e5 Nb6 17. Qe2 Nd5 18. Ne4 Qe7 19. Rac1 Bd7 20. Nd6 Reb8 21. f4 a5 22. Be4 a4 23. a3 b5 24. Qd2 Qd8 25. Bxd5 exd5 26. f5 Qg5 27. Qxg5 hxg5 28. Re1 Rd8 29. g4 Rab8 30. Rc5 b4 31. Ra5 bxa3 32. bxa3 Rb3 33. Ra7 Rxa3 34. e6 fxe6 35. fxe6 Bxe6 36. Rxe6 Ra1+ 37. Kg2 Ra2+ 38. Kf3 Ra3+ 39. Ke2 Rb8 40. Re8+ Rxe8+ 41. Nxe8 Ra2+ 42. Kd3 a3 43. Nxg7 Rg2 44. Nf5 Rxh2 45. Rxa3 1-0

[Event "Asia Nations Cup"]
[Site "Hamedan"]
[Date "2018.08.02"]
[Round "6.3"]
[White "Kazhgaleyev, Murtas"]
[Black "Khader, Aram"]
[Result "1-0"]
[WhiteElo "2575"]
[BlackElo "2178"]
[PlyCount "63"]
[EventDate "2018.07.28"]
[EventType "team-tourn"]
[EventRounds "9"]
[EventCountry "IRI"]
[SourceTitle "CBM 186 Extra"]
[Source "ChessBase"]
[SourceDate "2018.08.24"]
[SourceVersion "1"]
[SourceVersionDate "2018.08.24"]
[SourceQuality "1"]
[WhiteTeam "Kazakhstan"]
[BlackTeam "Syria"]
[WhiteTeamCountry "KAZ"]
[BlackTeamCountry "SYR"]

1. d4 d5 2. Bf4 Nf6 3. e3 c6 4. c4 e6 5. Nc3 Bd6 6. Bg3 Qe7 7. Nf3 Nbd7 8. Be2 dxc4 9. Bxc4 Bxg3 10. hxg3 e5 11. Qc2 exd4 12. Nxd4 Ne5 13. Be2 Bd7 14. e4 0-0-0 15. 0-0-0 Kb8 16. Kb1 Nfg4 17. Bxg4 Nxg4 18. Rhe1 Qf6 19. f4 Bc8 20. e5 Qg6 21. f5 Qh5 22. e6 fxe6 23. fxe6 Rhe8 24. Ka1 Qc5 25. Qe4 h5 26. e7 Rd7 27. Qf4+ Ka8 28. Ne6 Qxe7 29. Rxd7 Qxd7 30. Nc7+ Qxc7 31. Rxe8 Qxf4 32. gxf4 1-0

[Event "Beirut op 9th"]
[Site "Beirut"]
[Date "2017.09.30"]
[Round "1"]
[White "Elghazzawi, Omar"]
[Black "Khader, Aram"]
[Result "0-1"]
[WhiteElo "1332"]
[BlackElo "2101"]
[PlyCount "86"]
[EventDate "2017.09.30"]
[EventType "swiss"]
[EventRounds "9"]
[EventCountry "LBN"]
[SourceTitle "CBM 181 Extra"]
[Source "ChessBase"]
[SourceDate "2017.12.12"]
[SourceVersion "1"]
[SourceVersionDate "2017.12.12"]
[SourceQuality "1"]

1. e4 c5 2. Nf3 e6 3. d4 cxd4 4. Nxd4 a6 5. Nc3 Qc7 6. a3 Nf6 7. Bg5 Be7 8. Be2 h6 9. Be3 Nc6 10. 0-0 d6 11. Qd2 Bd7 12. Bf3 Ne5 13. Rab1 Nc4 14. Qe1 Rc8 15. h3 b5 16. Bd2 0-0 17. Qe2 Rb8 18. Nd1 Rfc8 19. c3 e5 20. Nc2 d5 21. Be1 dxe4 22. Bxe4 Nd6 23. f3 Ndxe4 24. fxe4 Qc4 25. Qxc4 bxc4 26. Nf2 Bc6 27. Nb4 a5 28. Nxc6 Rxc6 29. Bd2 Rcb6 30. Nd1 Bc5+ 31. Kh2 Nxe4 32. Be3 Bxe3 33. Nxe3 Nd2 34. Rbd1 Nxf1+ 35. Rxf1 Rxb2 36. Nxc4 Rc2 37. Nxe5 Rbb2 38. Rg1 Rxc3 39. Rf1 Rcc2 40. Rg1 Ra2 41. h4 Rxa3 42. h5 Rc5 43. Re1 f6 0-1